01459nam a2200373 a 4500001001200000003000800012006001900020007001500039008004100054010001700095020003000112020002700142040002100169035002100190043001200211050002400223082002200247245009000269260004800359300003200407490003000439500003200469504005100501533015200552600005000704600003600754650005100790655002900841700002400870710001700894830003100911856012600942999001701068ebr10675017CaPaEBRm u cr cn|||||||||080414r20092005nyuac sb 001 0beng d z 2008017026 z9781604562712 (softcover) z9781617281600 (e-book) aCaPaEBRcCaPaEBR a(OCoLC)847729081 an-us---14aE702.2b.C37 2009eb04a973.8/6092aB22200aCaroline Lavinia Scott Harrisonh[electronic resource] /cAnne Chieko Moore [editor]. aNew York :bNova Science Publishers,c2009. aviii, 67 p. :bill., ports.1 aPresidential wives series aOriginally published: 2005. aIncludes bibliographical references and index. aElectronic reproduction.bPalo Alto, Calif. :cebrary,d2013.nAvailable via World Wide Web.nAccess may be limited to ebrary affiliated libraries.10aHarrison, Caroline Lavinia Scott,d1832-1892.10aHarrison, Benjamin,d1833-1901. 0aPresidents' spouseszUnited StatesvBiography. 7aElectronic books.2local1 aMoore, Anne Chieko.2 aebrary, Inc. 0aPresidential wives series.40uhttp://site.ebrary.com/lib/rucke/Doc?id=10675017zAn electronic book accessible through the World Wide Web; click to view c57380d57380